Statistiken für 10 Kleinste Hauptstädte in Europa

Klicken Sie hier um das Quiz zu spielen!

Allgemein

  • Dieses Quiz wurde 1.210 mal gespielt
  • Das Durchschnittsergebnis liegt bei 7 aus 10

Antwortstatistiken

BevölkerungKlein Hauptstadt% Korrekt
826Vatikan-Stadt
96%
4,493San Marino
88%
76,420Luxemburg
87%
5,248Vaduz
87%
35,986Monaco
86%
22,884Andorra la Vella
76%
6,444Valletta
73%
115,000Reykjavik
52%
141,854Podgorica
46%
121,631Bern
44%

Verteilung der Resultate

Perzentil nach korrekt beantworteten Fragen

Anzahl Personen mit jedem Resultat

Ihre Resultats-Entwicklung

Sie haben dieses Quiz noch nicht gespielt